| 000 | 01142nam0a22002891 4500 | ||
|---|---|---|---|
| 001 | rc\2992544 | ||
| 005 | 20250806211804.0 | ||
| 035 | _a(NLR Aleph) 007136556 | ||
| 090 |
_a67436 _c67436 |
||
| 100 | _a20110915d1944 u y0rusy50 ca | ||
| 101 | 0 | _arus | |
| 102 | _aRU | ||
| 105 | _aa z ||||| | ||
| 200 | 1 |
_aРасчет максимальной скорости полета _fБ.Т. Горощенко, проф. Воен.-воздуш. ордена Ленина акад. Красной Армии им. Жуковского |
|
| 210 |
_aМосква _cизд-во и тип. Оборонгиза _d1944 |
||
| 215 |
_a423 с., 2 отд. л. граф. в обл. _cил., черт., граф. _d23 см |
||
| 320 | _aУказ. имен: с. 416-7 | ||
| 320 | _aПредм. указ.: с. 418-23 | ||
| 320 | _aБиблиогр.: с. 410-5 | ||
| 700 | 1 |
_aГорощенко _bБ.Т. _gБорис Тимофеевич |
|
| 801 | 0 |
_aRU _bNLR _gpsbo |
|
| 801 | 1 |
_aRU _bELAR _2rusmarc |
|
| 852 |
_aNLR _jМх02 Г-5/25 |
||
| 942 | _cBOOK | ||
| 945 | _aРоссийская национальная библиотека | ||
| 980 | _aNB | ||
| 980 | _aBV | ||